| 000 | 01083cam a22003014a 4500 | ||
|---|---|---|---|
| 001 | 12253139 | ||
| 003 | OSt | ||
| 005 | 20241028171951.0 | ||
| 008 | 001208s2002 njuaf 001 0 eng | ||
| 010 | _a 00068191 | ||
| 020 | _a9780130406385 | ||
| 040 |
_aDLC _cDLC _dDLC |
||
| 042 | _apcc | ||
| 050 | 0 | 0 |
_aNA7115 _b.W44 2002 |
| 082 | 0 | 0 |
_a720/.22/2 _221 |
| 100 | 1 | _aWeidhaas, Ernest R. | |
| 245 | 1 | 0 |
_aReading architectural plans : _bfor residential and commercial construction / _cErnest R. Weidhaas. |
| 250 | _a5th ed. | ||
| 260 |
_aUpper Saddle River, NJ : _bPrentice Hall, _cc2002. |
||
| 300 |
_aix, 290, 56 p., 36 p. of plates : _bill. ; _c28 cm. |
||
| 500 | _aIncludes index. | ||
| 650 | 0 |
_aArchitecture, Domestic _vDesigns and plans. |
|
| 650 | 0 |
_aCommercial buildings _vDesigns and plans. |
|
| 650 | 0 |
_aArchitecture _xDetails. |
|
| 906 |
_a7 _bcbc _corignew _d1 _eocip _f20 _gy-gencatlg |
||
| 942 |
_2lcc _cBK _e5th Ed. _n0 |
||
| 999 |
_c308 _d308 |
||